000 00611cab a2200217 4500
001 ABS54973
008 090401t1996 xxu||||| |||| 00| 0 eng d
035 _a(Sirsi) u13438
041 _aeng
245 4 _aThe future NFHA
260 _c1996
350 _a0
490 _aHA Weekly
_v(457) 26 April 1996, 17-20(3)
520 _aLooks at the future role of the NFHA and suggesting a new name to reflect the changes.
650 _aNAME CHANGES
650 _aNATIONAL FEDERATION OF HOUSING ASSOCIATIONS
650 _aNATIONAL HOUSING FEDERATION
690 _aHOUSING
942 _n0
948 _c04/03/1997
999 _c8664
_d8664